000 00710nam a2200289Ia 4500
005 20260324132415.0
008 008 260324s9999 xx 000 0 eng d
020 _a9781315091587
037 _aEBOOK
040 _aCRL
040 _beng
040 _cCRL
041 _2eng
041 _aeng
084 _qCRL
100 _aSantiago Fouz-Hernandez
_91189161
245 0 _aMadonna's Drowned Worlds
245 0 _bNew Approaches to her Cultural Transformations, 1983-2003
260 _bTaylor and Francis
260 _c2004
365 _a
365 _b230
856 _uhttp://www.taylorfrancis.com/books/9781315091587
942 _cEBOOK
999 _c1787251
_d1787251